banner-ar

REVUE DE LA PRESSE EGYTIENNE,21,22 27,28,29 32,33,36,37 / (Record no. 25864)

MARC details
000 -الفاتح
حقل البيانات ثابتة الطول 00525nam a2200205Ia 4500
008 - عناصر البيانات ثابتة الطول - معلومات عامة
حقل البيانات ثابتة الطول 140319s9999 xx 000 0 eng d
040 ## - مصدر الفهرسة
وكالة الفهرسة الأصلية GCL /
وكالة النسخ GCL
082 04 - رقم تصنيف ديوى العشرى
رقم التصنيف P
رقم المادة 059
-- V R
100 1# - المدخل الرئيسى - إسم شخصى
الإسم الشخصى DUBOIS OLIVER
245 10 - بيان العنوان
العنوان REVUE DE LA PRESSE EGYTIENNE,21,22 27,28,29 32,33,36,37 /
بيان المسئوليه,etc DUBOIS OLIVER
700 1# - المدخل الاضافى - اسم شخصى
الإسم الشخصى SALEH, ALIFA
700 1# - المدخل الاضافى - اسم شخصى
الإسم الشخصى VATIN, J.C.
260 ## - PUBLICATION, DISTRIBUTION, ETC. (IMPRINT)
تاريخ النشر أو التوزيع 1998
650 04 - المدخل الاضافى بالموضوع-مصطلح موضوعى
مصطلح موضوعي EGYPT
650 04 - المدخل الاضافى بالموضوع-مصطلح موضوعى
مصطلح موضوعي JOURNALISM
650 04 - المدخل الاضافى بالموضوع-مصطلح موضوعى
مصطلح موضوعي CEDER
650 04 - المدخل الاضافى بالموضوع-مصطلح موضوعى
مصطلح موضوعي EGYPTIAN PRESS
942 ## - عناصر المدخل الإضافي( كوها)
مصدر التصنيف او مخطط الترفيف Dewey Decimal Classification
Koha [default] item type الدوريات
260 ## - PUBLICATION, DISTRIBUTION, ETC. (IMPRINT)
-- [S.N] :
-- CEDEJ ،
Holdings
حالة التراجع حالة الفقد حالة تلف ليس للاعارة المكان المؤقت الموقع الحالى تاريخ الاكتساب اجمالي اﻻعارات رقم الطلب الباركود تاريخ اخر مشاهدة تاريخ تفعيل السعر نوع وعاء كوها
        مكتبة القاهرة الكبرى مكتبة القاهرة الكبرى 03/26/2014   P\059\V R 45897 03/26/2014 03/26/2014 الدوريات

Powered By

EGPV